000 00433nam a2200181Ia 4500
001 7992
005 20260306160536.0
008 260306t2024||||xx |||||||||||||| ||spa||
041 _aESP
082 _a370
_bH53
100 _aHildebrand, Dietrich von,
_eAUT
245 0 _aEscritos breves sobre la educación
260 _c2024
300 _a123 páginas :
_c21 cm.
650 _aGEN
654 _aCED
942 _cLIB
_dJUS
_fJUS
_2ddc
_n
999 _c7992
_d7992